000 00618nam a22002297a 4500
003 UA-OsUOA
001 49350
007 ta
008 20071002b un ||||| |||| 00| 0 ukr d
100 _aДенисова Т.
090 _a82.09
_bД33
942 _cBK
040 _aUA-OsUOA
_bukr
_cUA-OsUOA
_dUA-OsUOA
245 _aРоман і проблеми його композиції
300 _a219 с.
955 _a1
041 _aukr
080 _a82.09
260 _aК.
_bНаукова думка
_c1968
650 7 _a82 Література. Літературознавство
_2UDC
999 _c335460
_d335460